La desigualdad del ingreso desde una perspectiva estructural /
El presente documento pretende explorar las causas que fortalecen las desigualdades en los ingresos, así como en las capacidades de consumo de los salvadoreños. Este problema se origina desde tiempos muy remotos y tiene una seria vinculación con la estructura productiva y bajo crecimiento económico....
Enregistré dans:
| Auteur principal: | |
|---|---|
| Autres auteurs: | , |
| Format: | Texte |
| Sujets: | |
| Tags: |
Ajouter un tag
Pas de tags, Soyez le premier à ajouter un tag!
|
MARC
| LEADER | 00000 a a2200000 04500 | ||
|---|---|---|---|
| 001 | 42139 | ||
| 003 | |||
| 040 | |||
| 100 | |a Gallo, Carmen | ||
| 245 | |a La desigualdad del ingreso desde una perspectiva estructural / |c Carmen Gallo ; Rafael Miranda ; Enrique Rodríguez | ||
| 520 | |a El presente documento pretende explorar las causas que fortalecen las desigualdades en los ingresos, así como en las capacidades de consumo de los salvadoreños. Este problema se origina desde tiempos muy remotos y tiene una seria vinculación con la estructura productiva y bajo crecimiento económico. | ||
| 590 | |a RRA/ENERO2012 | ||
| 650 | |a 1.DESIGUALDAD SOCIAL | ||
| 650 | |a 2.INGRESO | ||
| 650 | |a 3.ANALISIS ECONOMICO | ||
| 650 | |a 4.ANALISIS HISTORICO | ||
| 650 | |a 5.EL SALVADOR | ||
| 700 | |a Rafael Miranda, Rafael | ||
| 700 | |a Rodríguez, Enrique | ||
| 773 | |g número124 ( , 2010), páginas 187-227 : tablas, gráficos | ||
| 999 | |c 34553 |d 34553 | ||
